AH International Schools' Libraries

The psychology of money : (Record no. 49684)

MARC details
000 -LEADER
fixed length control field 00511pam a2200133 i 4500
020 ## - INTERNATIONAL STANDARD BOOK NUMBER
International Standard Book Number 9780857197689 (pbk.) :
100 1# - MAIN ENTRY--PERSONAL NAME
Personal name Housel, Morgan,
9 (RLIN) 86807
245 14 - TITLE STATEMENT
Title The psychology of money :
Remainder of title timeless lessons on wealth, greed, and happiness /
Statement of responsibility, etc Morgan Housel.
260 ## - PUBLICATION, DISTRIBUTION, ETC. (IMPRINT)
Place of publication, distribution, etc Great Britain:
Name of publisher, distributor, etc Harriman House;
Date of publication, distribution, etc 2020.
300 ## - PHYSICAL DESCRIPTION
Extent viii, 242 pages :
Other physical details illustrations ;
Dimensions 22 cm
504 ## - BIBLIOGRAPHY, ETC. NOTE
Bibliography, etc Includes bibliographical references.
650 #0 - SUBJECT ADDED ENTRY--TOPICAL TERM
Topical term or geographic name as entry element Finance, Personal. Money.
General subdivision Psychological aspects.
9 (RLIN) 86808
942 ## - ADDED ENTRY ELEMENTS (KOHA)
Source of classification or shelving scheme
Koha item type NON FIC SECTION
Holdings
Withdrawn status Lost status Source of classification or shelving scheme Damaged status Not for loan Collection code Home library Current library Shelving location Date acquired Total Checkouts Full call number Barcode Checked out Date last seen Date checked out Price effective from Koha item type
          Non-Fiction Asian Hope Secondary Library Asian Hope Secondary Library SECONDARY 10/28/2025 2 332.401 HOU 208773 03/21/2026 01/20/2026 01/20/2026 10/28/2025 NON FIC SECTION

For any Logos Library related questions please contact Miss Art at swongnarasuk@asianhope.org.

For any Asian Hope Library related questions please contact Miss Raza at graza@asianhope.org.

Click here to explore our ebooks!

Powered by Koha